Loading...
| Fine Arts - Classical Music | 4 | 10.00 | 2,825% | 225% | 225% |
| Fine Arts - Other | 4 | 17.50 | 3,200% | 375% | 625% |
| Fine Arts - Painting & Sculpture | 3 | 16.67 | 3,900% | 267% | 467% |
| History - American | 2 | 15.00 | 0% | 350% | 800% |
| History - European | 5 | 14.00 | 2,560% | 520% | 340% |
| History - Other | 5 | 18.00 | 2,600% | 480% | 680% |
| History - World | 4 | 17.50 | 3,625% | 625% | 425% |
| Literature - American | 3 | 16.67 | 3,900% | 200% | 567% |
| Literature - British | 4 | 15.00 | 1,225% | 575% | 325% |
| Literature - European | 4 | 12.50 | 0% | 625% | 375% |
| Literature - World | 3 | 13.33 | 1,200% | 0% | 767% |
| Mythology | 6 | 16.67 | 5,650% | 283% | 400% |
| Other | 8 | 20.00 | 5,113% | 625% | 400% |
| Philosophy | 2 | 20.00 | 6,400% | 400% | 400% |
| Religion | 5 | 16.00 | 0% | 820% | 500% |
| Science - Biology | 8 | 12.50 | 3,625% | 175% | 413% |
| Science - Chemistry | 5 | 24.00 | 7,080% | 660% | 500% |
| Science - Other | 4 | 17.50 | 5,225% | 200% | 650% |
| Science - Physics | 5 | 16.00 | 2,600% | 460% | 420% |
| Social Science | 7 | 15.71 | 4,171% | 443% | 371% |